| 000 | 00810nam a22002531u 4500 | ||
|---|---|---|---|
| 001 | 06315 | ||
| 003 | HDC | ||
| 007 | cr cn ---aaaaa | ||
| 008 | 210123p2013 ||||| |||| 00| 0 eng | ||
| 040 | _aHDC | ||
| 245 | 0 | _aGAIN Report: France - Halal Food Market Paris | |
| 260 |
_a[No place] : _b[publisher not identified] , _c2013 |
||
| 300 | _a12 pages | ||
| 336 |
_atext _2rdacontent |
||
| 337 |
_acomputer _2rdamedia |
||
| 338 |
_aonline resource _2rdacarrier |
||
| 500 | _aIncludes bibliographical references | ||
| 650 |
_aHalal food _950 |
||
| 650 |
_akosher _95907 |
||
| 856 | _zRequest full-text at [email protected] | ||
| 942 | _2lcc | ||
| 942 | _cEIS | ||
| 942 | _kREPT 000281 | ||
| 999 |
_c3639 _d3639 |
||